Korruption im geschäftlichen Verkehr: Schmiergeldzahlungen und die Folgen
| Authors: | ; |
|---|---|
| Format: | Print Book |
| Language: | German |
| Published: |
Stuttgart
Kohlhammer
2011
|
| In: | Year: 2011 |
| Online Access: |
Auszug (Publisher) Inhaltstext (Publisher) Table of Contents |
| Availability in Tübingen: | Present in Tübingen. IFK: C XII 366 |
| Check availability: | HBZ Gateway |
| Subito Delivery Service: | Order now. |
| Keywords: |
MARC
| LEADER | 00000cam a2200000 c 4500 | ||
|---|---|---|---|
| 001 | 642784183 | ||
| 003 | DE-627 | ||
| 005 | 20251223224438.0 | ||
| 007 | tu | ||
| 008 | 110105s2011 gw ||||| 00| ||ger c | ||
| 015 | |a 11,N01 |2 dnb | ||
| 015 | |a 11,N01 |2 dnb | ||
| 016 | 7 | |a 1008892777 |2 DE-101 | |
| 020 | |a 9783170217591 |c Pappe. : EUR 29.90 (DE), sfr 43.50 (freier Pr.) |9 978-3-17-021759-1 | ||
| 024 | 3 | |a 9783170217591 | |
| 035 | |a (DE-627)642784183 | ||
| 035 | |a (DE-576)335688071 | ||
| 035 | |a (DE-599)DNB1008892777 | ||
| 035 | |a (OCoLC)706881216 | ||
| 035 | |a (OCoLC)706881216 | ||
| 040 | |a DE-627 |b ger |c DE-627 |e rakwb | ||
| 041 | |a ger | ||
| 044 | |c XA-DE-BW | ||
| 082 | 0 | |a 340 |q BSZ | |
| 082 | 0 | |a 345.4302323 | |
| 082 | 0 | 4 | |a 340 |q DNB |
| 084 | |a PH 4320 |2 rvk |0 (DE-625)rvk/136125: | ||
| 084 | |a 86.35 |2 bkl | ||
| 100 | 1 | |a Pfefferle, Roland |0 (DE-588)110477103 |0 (DE-627)660898659 |0 (DE-576)344697630 |4 aut | |
| 109 | |a Pfefferle, Roland | ||
| 245 | 1 | 0 | |a Korruption im geschäftlichen Verkehr |b Schmiergeldzahlungen und die Folgen |c Roland Pfefferle; Simon Pfefferle |
| 264 | 1 | |a Stuttgart |b Kohlhammer |c 2011 | |
| 300 | |a XVIII, 113 S. |b graph. Darst. | ||
| 336 | |a Text |b txt |2 rdacontent | ||
| 337 | |a ohne Hilfsmittel zu benutzen |b n |2 rdamedia | ||
| 338 | |a Band |b nc |2 rdacarrier | ||
| 490 | 0 | |a Rechtswissenschaften und Verwaltung |a Handbuch | |
| 583 | 1 | |a Archivierung/Langzeitarchivierung gewährleistet |f PEBW |x XA-DE-BW |2 pdager |5 DE-24 | |
| 583 | 1 | |a Archivierung prüfen |c 20240324 |f DE-4165 |z 3 |2 pdager | |
| 689 | 0 | 0 | |d g |0 (DE-588)4011882-4 |0 (DE-627)104704861 |0 (DE-576)208896155 |a Deutschland |2 gnd |
| 689 | 0 | 1 | |d s |0 (DE-588)4061963-1 |0 (DE-627)104665327 |0 (DE-576)209142006 |a Unternehmen |2 gnd |
| 689 | 0 | 2 | |d s |0 (DE-588)4032524-6 |0 (DE-627)104704799 |0 (DE-576)208997288 |a Korruption |2 gnd |
| 689 | 0 | |5 DE-101 | |
| 689 | 1 | 0 | |d g |0 (DE-588)4011882-4 |0 (DE-627)104704861 |0 (DE-576)208896155 |a Deutschland |2 gnd |
| 689 | 1 | 1 | |d s |0 (DE-588)4061963-1 |0 (DE-627)104665327 |0 (DE-576)209142006 |a Unternehmen |2 gnd |
| 689 | 1 | 2 | |d s |0 (DE-588)4032524-6 |0 (DE-627)104704799 |0 (DE-576)208997288 |a Korruption |2 gnd |
| 689 | 1 | |5 (DE-627) | |
| 700 | 1 | |a Pfefferle, Simon |4 aut | |
| 856 | 4 | 2 | |u http://shop2.kohlhammer.de/shopX/shops/kohlhammer/data/pdf/978-3-17-021759-1_I.pdf |m X:MVB |q application/pdf |x Verlag |3 Inhaltsverzeichnis |7 1 |
| 856 | 4 | 2 | |u http://shop2.kohlhammer.de/shopX/shops/kohlhammer/data/pdf/978-3-17-021759-1_L.pdf |m X:MVB |q application/pdf |x Verlag |3 Auszug |7 1 |
| 856 | 4 | 2 | |u http://deposit.dnb.de/cgi-bin/dokserv?id=3629312&prov=M&dok_var=1&dok_ext=htm |m X:MVB |q text/html |x Verlag |3 Inhaltstext |7 1 |
| 935 | |i Blocktest | ||
| 936 | r | v | |a PH 4320 |b Einzeldarstellungen |k Rechtswissenschaft |k Strafrecht, Strafverfahrensrecht, Kriminologie |k Nebenstrafrecht |k Wirtschaftsstrafrecht |k Einzeldarstellungen |0 (DE-627)1271677172 |0 (DE-625)rvk/136125: |0 (DE-576)201677172 |
| 936 | b | k | |a 86.35 |j Strafrecht: Besonderer Teil |0 (DE-627)106416731 |
| 951 | |a BO | ||
| ELC | |b 1 | ||
| LOK | |0 000 xxxxxcx a22 zn 4500 | ||
| LOK | |0 001 3127018509 | ||
| LOK | |0 003 DE-627 | ||
| LOK | |0 004 642784183 | ||
| LOK | |0 005 20120228145159 | ||
| LOK | |0 008 120228||||||||||||||||ger||||||| | ||
| LOK | |0 040 |a DE-21-110 |c DE-627 |d DE-21-110 | ||
| LOK | |0 541 |e 12/49 | ||
| LOK | |0 689 |a s |a Schmiergeldzahlung | ||
| LOK | |0 689 |a s |a Wirtschaftsstrafrecht | ||
| LOK | |0 689 |a s |a Ordnungswidrigkeiten | ||
| LOK | |0 689 |a s |a Zivilrecht | ||
| LOK | |0 689 |a s |a Steuerrecht | ||
| LOK | |0 689 |a s |a Folgen | ||
| LOK | |0 689 |a s |a Prävention | ||
| LOK | |0 852 |a DE-21-110 | ||
| LOK | |0 852 1 |c C XII 366 |m p |9 00 | ||
| LOK | |0 936ln |a 10.5 | ||
| LOK | |0 938 |a 1202 | ||
| LOK | |0 938 |k p | ||
| LOK | |0 939 |a 28-02-12 |b l01 | ||
| ORI | |a SA-MARC-krimdoka001.raw | ||
| SIG | |a IFK: C XII 366 | ||
| TIM | |a 100019901003_100020261231 |b 1990-10-03 - 2026 | ||
